000 00485nam a2200181Ia 4500
003 GCL
008 140319s9999 xx 000 0 ara d
040 _aGCL /
_cGCL
082 0 4 _a813.03
_bى ع
100 1 _aيوسف ابو رية
245 1 0 _aعطش الصبار /
_cيوسف ابو رية
300 _a174 ص
490 _aروايات الهلال
_v0
650 0 4 _aالادب العربى
650 0 4 _aالقصص العربية
650 0 4 _aالادب
942 _2ddc
_cBK
999 _c40667
_d40667